000
00352nam a2200145 a 4500
003
MO
005
20170315102954.0
008
100915s19uu xx 00 eng d
050
_a
TR
_b
P27 1990
100
_a
Paterson, Katherine
245
_a
Jacob have I loved.
260
_a
New York :
_b
HarperCollins,
_c
1990.
942
_2
ddc
_c
BK
999
_c
110855
_d
110855